Vicente Huidobro y la motivacion del lenguaje /

Bibliographic Details
Main Author: Yúdice, George
Format: Book
Language:Spanish
Published: Buenos Aires : Editorial Galerna, 1978.
Edition:1. ed.
Subjects:

MARC

Tag First Indicator Second Indicator Subfields
LEADER 00000cam a2200000 a 4500
001 in00000070531
005 20151008061807.0
008 790801s1978 ag b 00010 spam
010 |a  79109650  
035 |a (OCoLC)04657589 
035 |9 AAJ8838AM 
040 |a DLC  |c DLC  |d OCL  |d m.c.  |d TXA  |d UtOrBLW 
049 |a TXAM  |c [800238] 
050 0 0 |a PQ8097.H8  |b Z95 
082 0 |a 861 
100 1 |a Yúdice, George. 
245 1 0 |a Vicente Huidobro y la motivacion del lenguaje /  |c George Yudice. 
250 |a 1. ed. 
264 1 |a Buenos Aires :  |b Editorial Galerna,  |c 1978. 
300 |a 311 pages ;  |c 20 cm. 
336 |a text  |b txt  |2 rdacontent 
337 |a unmediated  |b n  |2 rdamedia 
338 |a volume  |b nc  |2 rdacarrier 
504 |a Bibliography: pages 303-308. 
600 1 0 |a Huidobro, Vicente,  |d 1893-1948  |x Literary style. 
999 |a MARS 
999 f f |s 22868f04-9521-3b0d-8825-87a7af98a152  |i cb127e49-1e9a-3155-8720-611266e41a06  |t 0 
952 f f |p normal  |a Texas A&M University  |b College Station  |c Sterling C. Evans Library  |d Evans: Library Stacks  |t 0  |e PQ8097.H8 Z95  |h Library of Congress classification  |i unmediated -- volume  |m A14806182221 
998 f f |a PQ8097.H8 Z95  |t 0  |l Evans: Library Stacks